| 000 | 00388nam a22001697a 4500 | ||
|---|---|---|---|
| 999 |
_c3738 _d3738 |
||
| 003 | Nust | ||
| 005 | 20170105101224.0 | ||
| 008 | 161129b xxu||||| |||| 00| 0 eng d | ||
| 020 | _a9382226895 | ||
| 040 |
_a0 _c0 |
||
| 082 | _2338.9 | ||
| 100 | _4Allende Blume | ||
| 245 | _aIndustrial development | ||
| 260 |
_aNew Delhi _bRandom exports _c2013 |
||
| 300 | _a288p | ||
| 942 |
_2ddc _cBK |
||